| 000 | 00518nam a22001817a 4500 | ||
|---|---|---|---|
| 005 | 20251108171122.0 | ||
| 008 | 250721s9999 xx 000 0 ara d | ||
| 082 | 1 | 4 | _aط/ق/شيب |
| 100 | 1 | _aشيبوب، أدفيك جريديني | |
| 245 | 1 | 0 | _aالفنانة روان / |
| 264 | 1 |
_aبيروت : _bمؤسسة نوفل، |
|
| 300 | _a23ص : مص | ||
| 490 | 0 | _aسلسلة مع الطبيعة | |
| 650 | 1 | 7 | _aأدب الأطفال |
| 650 | 1 | 7 | _aالقصص العربية |
| 942 |
_2ddc _cBK |
||
| 999 |
_c57067 _d57067 |
||